Statistics for NBA Slam Dunk Contest Winners

Click here to take the quiz!

General Stats

  • This quiz has been taken 37 times
    (19 since last reset)
  • The average score is 21 of 33

Answer Stats

Hint Answer Team % Correct
2016Zach LaVineTimberwolves
94%
1988Michael JordanBulls
88%
2000Vince CarterRaptors
88%
2017Glenn Robinson IIIPacers
88%
2011Blake GriffinClippers
88%
2018Donovan MitchellJazz
81%
1997Kobe BryantLakers
81%
2008Dwight HowardMagic
81%
2010Nate RobinsonKnicks
81%
2014John WallWizards
81%
1990Dominique WilkinsHawks
75%
2003Jason RichardsonWarriors
69%
1986Spud WebbHawks
69%
2013Terrence RossRaptors
63%
2007Gerald GreenCeltics
56%
2005Josh SmithHawks
56%
1991Dee BrownCeltics
44%
1984Larry NanceSuns
44%
1995Harold MinerHeat
38%
1996Brent BarryClippers
38%
1994Isaiah RiderTimberwolves
31%
1992Cedric CeballosSuns
31%
2004Fred JonesPacers
25%
2012Jeremy EvansJazz
25%
2001Desmond MasonSuperSonics
25%
1989Kenny WalkerKnicks
6%

Score Distribution

Percentile by Number Answered

Percent of People with Each Score

Your Score History

You have not taken this quiz since the last reset